Welcome to Marium Abdulla Library

Embrace knowledge with a breath of fresh air.

Browse Collection

Marium Abdulla Library

پیغمبر آخرالزماں حضرت محمد مصطفےﷺ کی شخصیت (Record no. 15365)

MARC details
000 -LEADER
fixed length control field 00624nam a22001817a 4500
001 - CONTROL NUMBER
control field 13090
003 - CONTROL NUMBER IDENTIFIER
control field OSt
005 - DATE AND TIME OF LATEST TRANSACTION
control field 20251205123509.0
008 - FIXED-LENGTH DATA ELEMENTS--GENERAL INFORMATION
fixed length control field 251205b |||||||| |||| 00| 0 eng d
040 ## - CATALOGING SOURCE
Transcribing agency IVS
082 ## - DEWEY DECIMAL CLASSIFICATION NUMBER
Classification number 297.63 KHA
Item number 13090
100 ## - MAIN ENTRY--PERSONAL NAME
Personal name عبدالوحید خان
245 ## - TITLE STATEMENT
Title پیغمبر آخرالزماں حضرت محمد مصطفےﷺ کی شخصیت
Remainder of title URDU Paighambar-e-Akhruzzaman Hazrat Muhammad Mustafa Sallallaho Alaihe Wassallam ki shakhsiyyat
260 ## - PUBLICATION, DISTRIBUTION, ETC.
Place of publication, distribution, etc. KARACHI
Name of publisher, distributor, etc. ISLAM-CHRISTIANITY.COM
Date of publication, distribution, etc. 2013
300 ## - PHYSICAL DESCRIPTION
Extent 104
Other physical details HARDCOVER
650 ## - SUBJECT ADDED ENTRY--TOPICAL TERM
Source of heading or term PROHET AUTO BIOGRAPHY
942 ## - ADDED ENTRY ELEMENTS (KOHA)
Source of classification or shelving scheme Dewey Decimal Classification
Koha item type Book
Call number prefix 297.63 KHA
Suppress in OPAC No
Holdings
Date last seen Total checkouts Full call number Barcode Price effective from Koha item type Lost status Source of classification or shelving scheme Damaged status Not for loan Collection Withdrawn status Home library Current library Shelving location Date acquired Cost, normal purchase price
12/05/2025   297.63 KHA 13090 10/26/2021 Book   Dewey Decimal Classification     Liberal Arts   Marium Abdulla Library Marium Abdulla Library Non-Ref 10/29/2014 800.00